effect of chemical fertilizer different rate on spring onion at roy al university of agriculture , ឥទិ្ធពលកម្រិតជីគីមីខុសៗគ្នាទៅលើដំណាំខ្ទឹមស្លឹកនៅសាកលវិទ្យាល័យភូមិន្ទកសិកម្ម (Record no. 12268)

000 -LEADER
fixed length control field 00632nam a22001337a 4500
040 ## - CATALOGING SOURCE
Transcribing agency RUA
082 ## - DEWEY DECIMAL CLASSIFICATION NUMBER
Classification number AGR HOU 2014 B547 Or.1
100 ## - MAIN ENTRY--AUTHOR NAME
Personal name HOUN SARA, ហួន សារ៉ា
245 ## - TITLE STATEMENT
Title effect of chemical fertilizer different rate on spring onion at roy al university of agriculture , ឥទិ្ធពលកម្រិតជីគីមីខុសៗគ្នាទៅលើដំណាំខ្ទឹមស្លឹកនៅសាកលវិទ្យាល័យភូមិន្ទកសិកម្ម
260 ## - PUBLICATION, DISTRIBUTION, ETC. (IMPRINT)
Place of publication phnom penh
Name of publisher RUA
Year of publication 2014
300 ## - PHYSICAL DESCRIPTION
Number of Pages viiii;38p;
Other physical details ill;
Dimensions 29cm;
856 ## - ELECTRONIC LOCATION AND ACCESS
Uniform Resource Identifier HOUN SARA
942 ## - ADDED ENTRY ELEMENTS (KOHA)
Koha item type AGR
952 ## - LOCATION AND ITEM INFORMATION (KOHA)
Withdrawn status [LOCAL, KOHA] 0
952 ## - LOCATION AND ITEM INFORMATION (KOHA)
Withdrawn status [LOCAL, KOHA] 0
952 ## - LOCATION AND ITEM INFORMATION (KOHA)
Withdrawn status [LOCAL, KOHA] 0
952 ## - LOCATION AND ITEM INFORMATION (KOHA)
Withdrawn status [LOCAL, KOHA] 0
952 ## - LOCATION AND ITEM INFORMATION (KOHA)
Withdrawn status [LOCAL, KOHA] 0
952 ## - LOCATION AND ITEM INFORMATION (KOHA)
Withdrawn status [LOCAL, KOHA] 0
952 ## - LOCATION AND ITEM INFORMATION (KOHA)
Withdrawn status [LOCAL, KOHA] 0
952 ## - LOCATION AND ITEM INFORMATION (KOHA)
Withdrawn status [LOCAL, KOHA] 0
Holdings
Permanent Location Date acquired Koha item type Lost status Shelving location Barcode Current Location Full call number
Library Block B2017-08-11AGR B547A08528Library Block BAGR HOU 2014 B547 Or.1
Library Block B2017-08-11AGR B547A08072Library Block BAGR HOU 2014 B547 Or.2
Library Block B2017-08-11AGR B547A08703Library Block BAGR HOU 2014 B547 Or.3
Library Block B2017-08-11AGR B547A08782Library Block BAGR HOU 2014 B547 Or.4
Library Block B2017-08-11AGR B547A07870Library Block BAGR HOU 2014 B547 Or.5
Library Block B2017-08-11AGR B547A08576Library Block BAGR HOU 2014 B547 Or.6
Library Block B2017-08-11AGR B547A08488Library Block BAGR HOU 2014 B547 Or.7
Library Block B2017-08-11AGR B547A08777Library Block BAGR HOU 2014 B547 Or.8
មជ្ឈមណ្ឌលឯការនៃសាកលវិទ្យាល័យភូមិន្ទកសិកម្មចំការដូង

Powered by Koha